| 000 | 00689cam a2200205 i 4500 | ||
|---|---|---|---|
| 005 | 20260212090055.0 | ||
| 008 | 250721s2017 le gr 000 f ara d | ||
| 020 | _a9786140215580 | ||
| 082 | 1 | 4 |
_aق _bو ا ز |
| 100 | 1 |
_aوازن، عبده _eمؤلف. |
|
| 245 | 1 | 2 |
_aالبيت الأزرق : _cعبده وازن. _bرواية / |
| 250 | _aالطبعة الأولى. | ||
| 264 | 3 | 1 |
_aبيروت : _bمنشورات ضفاف، _c2017. |
| 264 | 3 | 1 |
_aالجزائر : _bمنشورات الاختلاف، _c2017. |
| 300 | _a343 صفحة. | ||
| 650 | 1 | 7 | _aالادب العربي. |
| 650 | 1 | 7 | _aالروايات العربية. |
| 942 |
_2ddc _cBK |
||
| 999 |
_c138199 _d138199 |
||